LEADER 00840cam0-22003011i-450- 001 990002608460403321 005 20060411110819.0 035 $a000260846 035 $aFED01000260846 035 $a(Aleph)000260846FED01 035 $a000260846 100 $a20030910d1964----km-y0itay50------ba 101 0 $aeng 102 $aUS$bGB 105 $ay-------001yy 200 1 $aManagement. Organization and practice$fF. G. Moore 210 $aNew York ; London$cHarper & Row,$d1964 215 $aXIII, 625 p.$d24 cm 700 1$aMoore,$bFranklin G.$04028 801 0$aIT$bUNINA$gRICA$2UNIMARC 901 $aBK 912 $a990002608460403321 952 $a1-7-19-TI$b1205$fECA 952 $a1-7-52-TI$b1309$fECA 952 $a9-2-10$bS.I.$fECA 959 $aECA 996 $aManagement. Organization and practice$9434687 997 $aUNINA LEADER 00811nam0-22002771i-450- 001 990000105110403321 035 $a000010511 035 $aFED01000010511 035 $a(Aleph)000010511FED01 035 $a000010511 100 $a20011111d--------km-y0itay50------ba 101 0 $aita 105 $ay-------001yy 200 1 $aSui combustibili e sul miglior modo di adoperarli nelle macchine a vapore$enozioni teorico-pratiche$fFelice Biglia. 210 $aTorino$cTipografia Ceresole e Panizza$d1861 215 $a151 p., 4 tav.$cill.$d24 cm 610 0 $aCombustibili solidi 676 $a662.7 700 1$aBiglia,$bFelice 801 0$aIT$bUNINA$gRICA$2UNIMARC 901 $aBK 912 $a990000105110403321 952 $a13 AR 19 C 37$b4344$fFINBC 959 $aFINBC 997 $aUNINA DB $aING01 LEADER 00987cam0-2200325---450- 001 990004362800403321 005 20081105155124.0 010 $a0-89925-361-X 035 $a000436280 035 $aFED01000436280 035 $a(Aleph)000436280FED01 035 $a000436280 100 $a19990604d1987----km-y0itay50------ba 101 0 $aeng 102 $aDE 105 $ay-------001yy 200 1 $aTransitivity and discourse continuity in chamorro narratives$fby Ann M. Cooreman 210 $aBerlin ; New York$cde Gruyter$d1987 215 $aIX, 245 p.$d24 cm 225 1 $aEmpirical approaches to language typology$v4 610 0 $aLingua indonesiana$aChamorro 676 $a499.21 700 1$aCooreman,$bAnn M.$0174453 801 0$aIT$bUNINA$gRICA$2UNIMARC 901 $aBK 912 $a990004362800403321 952 $a499.21 COO 1$bDip.f.m.3782$fFLFBC 959 $aFLFBC 996 $aTransitivity and discourse continuity in chamorro narratives$9540017 997 $aUNINA